<?xml version="1.0" encoding="UTF-8"?>
<record
    xmlns:xsi="http://www.w3.org/2001/XMLSchema-instance"
    xsi:schemaLocation="http://www.loc.gov/MARC21/slim http://www.loc.gov/standards/marcxml/schema/MARC21slim.xsd"
    xmlns="http://www.loc.gov/MARC21/slim">

  <leader>01389nam0a2200313   4500</leader>
  <controlfield tag="001">RU\NLR\bibl\1240665</controlfield>
  <controlfield tag="005">20260405162900.0</controlfield>
  <datafield tag="010" ind1=" " ind2=" ">
    <subfield code="a">978-5-91575-010-3</subfield>
    <subfield code="9">500</subfield>
  </datafield>
  <datafield tag="021" ind1=" " ind2=" ">
    <subfield code="a">RU</subfield>
    <subfield code="b">2008-31366</subfield>
    <subfield code="9">1734</subfield>
  </datafield>
  <datafield tag="035" ind1=" " ind2=" ">
    <subfield code="a">(NLR Aleph) 001226857</subfield>
  </datafield>
  <datafield tag="090" ind1=" " ind2=" ">
    <subfield code="a">173496</subfield>
    <subfield code="c">173496</subfield>
  </datafield>
  <datafield tag="100" ind1=" " ind2=" ">
    <subfield code="a">20080613d2008    |||y0rusy50      ca</subfield>
  </datafield>
  <datafield tag="101" ind1="0" ind2=" ">
    <subfield code="a">rus</subfield>
  </datafield>
  <datafield tag="102" ind1=" " ind2=" ">
    <subfield code="a">RU</subfield>
  </datafield>
  <datafield tag="105" ind1=" " ind2=" ">
    <subfield code="a">a   |||||||||</subfield>
  </datafield>
  <datafield tag="200" ind1="1" ind2=" ">
    <subfield code="a">&#x41B;&#x44E;&#x434;&#x438; &#x437;&#x435;&#x43C;&#x43B;&#x438; &#x414;&#x43E;&#x43D;&#x441;&#x43A;&#x43E;&#x439;</subfield>
    <subfield code="e">[&#x430;&#x43B;&#x44C;&#x431;&#x43E;&#x43C;-&#x43A;&#x430;&#x442;&#x430;&#x43B;&#x43E;&#x433;</subfield>
    <subfield code="f">&#x430;&#x432;&#x442;. &#x442;&#x435;&#x43A;&#x441;&#x442;&#x43E;&#x432;, &#x441;&#x43E;&#x441;&#x442;.: &#x410;&#x431;&#x440;&#x430;&#x43C;&#x43E;&#x432;&#x430; &#x422;. &#x41D;. [&#x438; &#x434;&#x440;.]</subfield>
    <subfield code="g">&#x43D;&#x430;&#x443;&#x447;. &#x440;&#x435;&#x434;.: &#x412;&#x430;&#x441;&#x438;&#x43B;&#x44C;&#x435;&#x432;&#x430; &#x421;. &#x418;. (&#x433;&#x43B;. &#x440;&#x435;&#x434;.) &#x438; &#x434;&#x440;.]</subfield>
  </datafield>
  <datafield tag="210" ind1=" " ind2=" ">
    <subfield code="a">&#x420;&#x43E;&#x441;&#x442;&#x43E;&#x432;-&#x43D;&#x430;-&#x414;&#x43E;&#x43D;&#x443;</subfield>
    <subfield code="c">&#x41E;&#x43C;&#x435;&#x433;&#x430;-&#x43F;&#x440;&#x438;&#x43D;&#x442;</subfield>
    <subfield code="d">2008 (&#x43F;&#x435;&#x447;. 2007)</subfield>
  </datafield>
  <datafield tag="215" ind1=" " ind2=" ">
    <subfield code="a">270, [1] &#x441;.</subfield>
    <subfield code="c">&#x438;&#x43B;., &#x446;&#x432;. &#x438;&#x43B;., &#x43F;&#x43E;&#x440;&#x442;&#x440;.</subfield>
    <subfield code="d">31</subfield>
  </datafield>
  <datafield tag="320" ind1=" " ind2=" ">
    <subfield code="a">&#x418;&#x43C;&#x435;&#x43D;. &#x443;&#x43A;&#x430;&#x437;.: &#x441;. 268</subfield>
  </datafield>
  <datafield tag="607" ind1=" " ind2=" ">
    <subfield code="a">&#x420;&#x43E;&#x441;&#x442;&#x43E;&#x432;&#x441;&#x43A;&#x430;&#x44F; &#x43E;&#x431;&#x43B;&#x430;&#x441;&#x442;&#x44C;</subfield>
    <subfield code="x">&#x418;&#x441;&#x442;&#x43E;&#x440;&#x438;&#x44F;</subfield>
    <subfield code="x">&#x414;&#x435;&#x44F;&#x442;&#x435;&#x43B;&#x438;</subfield>
    <subfield code="9">2528028</subfield>
    <subfield code="3">RU\NLR\auth\661497594</subfield>
  </datafield>
  <datafield tag="686" ind1=" " ind2=" ">
    <subfield code="a">&#x422;3(2&#x420;-4&#x420;)0-8</subfield>
  </datafield>
  <datafield tag="702" ind1=" " ind2="1">
    <subfield code="4">220</subfield>
    <subfield code="7">ca</subfield>
    <subfield code="8">rus</subfield>
    <subfield code="a">&#x410;&#x431;&#x440;&#x430;&#x43C;&#x43E;&#x432;&#x430;</subfield>
    <subfield code="b">&#x422;. &#x41D;.</subfield>
    <subfield code="c">&#x43A;&#x440;&#x430;&#x435;&#x432;&#x435;&#x434;</subfield>
    <subfield code="g">&#x422;&#x430;&#x442;&#x44C;&#x44F;&#x43D;&#x430; &#x41D;&#x438;&#x43A;&#x438;&#x442;&#x438;&#x447;&#x43D;&#x430;</subfield>
    <subfield code="9">228307</subfield>
    <subfield code="3">RU\NLR\AUTH\770228363</subfield>
  </datafield>
  <datafield tag="702" ind1=" " ind2="1">
    <subfield code="4">340</subfield>
    <subfield code="8">rus</subfield>
    <subfield code="7">ca</subfield>
    <subfield code="a">&#x412;&#x430;&#x441;&#x438;&#x43B;&#x44C;&#x435;&#x432;&#x430;</subfield>
    <subfield code="b">&#x421;. &#x418;.</subfield>
    <subfield code="c">&#x43A;&#x430;&#x43D;&#x434;. &#x43F;&#x43E;&#x43B;&#x438;&#x442;. &#x43D;&#x430;&#x443;&#x43A;</subfield>
    <subfield code="f">1954-</subfield>
    <subfield code="g">&#x421;&#x432;&#x435;&#x442;&#x43B;&#x430;&#x43D;&#x430; &#x418;&#x432;&#x430;&#x43D;&#x43E;&#x432;&#x43D;&#x430;</subfield>
    <subfield code="3">RU\NLR\AUTH\7769121</subfield>
    <subfield code="9">52049</subfield>
  </datafield>
  <datafield tag="801" ind1=" " ind2="0">
    <subfield code="a">RU</subfield>
    <subfield code="b">NLR</subfield>
    <subfield code="c">20080613</subfield>
    <subfield code="g">RCR</subfield>
  </datafield>
  <datafield tag="801" ind1=" " ind2="1">
    <subfield code="a">RU</subfield>
    <subfield code="b">NLR</subfield>
    <subfield code="c">20080613</subfield>
  </datafield>
  <datafield tag="942" ind1=" " ind2=" ">
    <subfield code="c">BOOK</subfield>
  </datafield>
  <datafield tag="980" ind1=" " ind2=" ">
    <subfield code="a">NB</subfield>
  </datafield>
  <datafield tag="995" ind1=" " ind2=" ">
    <subfield code="5">2008-06-13</subfield>
    <subfield code="a">ad</subfield>
    <subfield code="b">NLR02</subfield>
    <subfield code="c">NLR02</subfield>
    <subfield code="e">EST</subfield>
    <subfield code="f">2696349</subfield>
    <subfield code="k">&#x42D; &#x410;&#x43B;&#x41F;/2-414</subfield>
    <subfield code="o">0</subfield>
    <subfield code="r">BOOK</subfield>
    <subfield code="s">_2414</subfield>
  </datafield>
  <datafield tag="995" ind1=" " ind2=" ">
    <subfield code="5">2008-06-13</subfield>
    <subfield code="a">ad</subfield>
    <subfield code="b">NLR02</subfield>
    <subfield code="c">NLR02</subfield>
    <subfield code="e">EST</subfield>
    <subfield code="f">2696350</subfield>
    <subfield code="k">&#x42D; &#x410;&#x43B;&#x41F;/2-414</subfield>
    <subfield code="o">0</subfield>
    <subfield code="r">BOOK</subfield>
    <subfield code="s">_2414</subfield>
  </datafield>
</record>
